00688nam a22001817a 4500003000900000008004100009020002200050040007100072082002200143245003900165260003000204300004500234505013100279650001200410650002100422650002400443700003900467AR-CdUCM190426b ||||| |||| 00| 0 spa d a978-607-618-811-8 aMUNICIPALIDAD PROVINCIAL DEL CUSCOcBIBLIOTECA MUNICIPAL DEL CUSCO aPI / 376.1 /bS55 aMi cajita de animales asombrosos / aMéxico :bAuzou,c2016. b4 cajitas de libros de animales,c32 cm. aContenido: v.1: Animales marinos -- v.2: Animales de compañía -- v.3: Animales de la sabana -- v.4: Animales de la granja. aCajitas aPrimera infancia aAnimales asombrosos aBlanco Quiroz, Gema (traducción)